Steve Ouditt : (Record no. 362)
[ view plain ]
| 000 -LEADER | |
|---|---|
| campo de control de longitud fija | 01364mam a2200349 a 4500 |
| 001 - NÚMERO DE CONTROL | |
| campo de control | 2267457 |
| 005 - FECHA Y HORA DE LA ÚLTIMA TRANSACCIÓN | |
| campo de control | 20220326193306.0 |
| 008 - DATOS DE LONGITUD FIJA--INFORMACIÓN GENERAL | |
| campo de control de longitud fija | 991210s1998 enkac b 000 1deng d |
| 010 ## - NÚMERO DE CONTROL DE LA BIBLIOTECA DEL CONGRESO | |
| Número de control de LC | gb 99072873 |
| 015 ## - NÚMERO DE BIBLIOGRAFÍA NACIONAL | |
| Número de bibliografía nacional | GB99-72873 |
| 020 ## - NÚMERO INTERNACIONAL ESTÁNDAR DEL LIBRO | |
| Número Internacional Estándar del Libro | 1899846182 (pbk) : |
| Condiciones de disponibilidad | No price : Formerly CIP |
| 035 ## - NÚMERO DE CONTROL DEL SISTEMA | |
| Número de control de sistema | (OCoLC)46515602 |
| 035 ## - NÚMERO DE CONTROL DEL SISTEMA | |
| Número de control de sistema | (OCoLC)ocm46515602 |
| 035 ## - NÚMERO DE CONTROL DEL SISTEMA | |
| Número de control de sistema | (NNC)2267457 |
| 040 ## - FUENTE DE CATALOGACIÓN | |
| Centro catalogador/agencia de origen | Uk |
| Centro/agencia transcriptor | Uk |
| Centro/agencia modificador | DLC |
| -- | MH-FA |
| 082 04 - NÚMERO DE LA CLASIFICACIÓN DECIMAL DEWEY | |
| Número de clasificación | 708 |
| Número de ítem | I593s |
| 100 1# - ENTRADA PRINCIPAL--NOMBRE DE PERSONA | |
| Nombre de persona | Ouditt, Steve, |
| Fechas asociadas al nombre | 1960- |
| 9 (RLIN) | 1716 |
| 245 10 - MENCIÓN DEL TÍTULO | |
| Título | Steve Ouditt : |
| Resto del título | Creole in-site / |
| Mención de responsabilidad, etc. | Steve Ouditt ; edited by Gilane Tawadros. |
| 246 30 - FORMA VARIANTE DEL TITULO | |
| Título propio/Titulo breve | Creole in-site |
| 260 ## - PUBLICACIÓN, DISTRIBUCIÓN, ETC. | |
| Lugar de publicación, distribución, etc. | London : |
| Nombre del editor, distribuidor, etc. | Institute of International Visual Arts, |
| Fecha de publicación, distribución, etc. | 1998. |
| 300 ## - DESCRIPCIÓN FÍSICA | |
| Extensión | 72 p. : |
| Otras características físicas | ill. (some col.), port. ; |
| Dimensiones | 23 cm. |
| 490 1# - MENCIÓN DE SERIE | |
| Mención de serie | Annotations ; |
| Designación de volumen o secuencia | 4 |
| 500 ## - NOTA GENERAL | |
| Nota general | "The diary writings were originally published as part of Creole in-site, an on-line diary commissioned by the Institute of International Visual Arts for its website inIVA Online, 1997"--T.p. verso. |
| 504 ## - NOTA DE BIBLIOGRAFÍA, ETC. | |
| Nota de bibliografía, etc. | Includes bibliographical references (p. 65-66). |
| 600 10 - PUNTO DE ACCESO ADICIONAL DE MATERIA--NOMBRE DE PERSONA | |
| Nombre de persona | Ouditt, Steve, |
| Fechas asociadas al nombre | 1960- |
| 9 (RLIN) | 1717 |
| 650 #0 - PUNTO DE ACCESO ADICIONAL DE MATERIA--TÉRMINO DE MATERIA | |
| Término de materia o nombre geográfico como elemento de entrada | Creoles |
| Subdivisión geográfica | England |
| -- | London |
| Subdivisión de forma | Fiction. |
| 9 (RLIN) | 1718 |
| 655 #7 - TERMINO DE INDIZACIÓN--GENERO/FORMA | |
| Datos o término principal de género/forma | Diary fiction. |
| Fuente del término | lcsh. |
| 9 (RLIN) | 1719 |
| 700 1# - ENTRADA AGREGADA--NOMBRE PERSONAL | |
| Nombre de persona | Tawadros, Gilane. |
| 9 (RLIN) | 1720 |
| 710 2# - ENTRADA AGREGADA--NOMBRE DE ENTIDAD CORPORATIVA | |
| Nombre de entidad corporativa o nombre de jurisdicción como elemento de entrada | Institute of International Visual Arts. |
| 9 (RLIN) | 1488 |
| 830 #0 - PUNTO DE ACCESO ADICIONAL DE SERIE-TÍTULO UNIFORME | |
| Título uniforme | Annotations (London, England) ; |
| Designación de volumen o secuencia | 4. |
| 9 (RLIN) | 1721 |
| Estatus retirado | Estado de pérdida | Fuente del sistema de clasificación o colocación | Estado de daño | No para préstamo | Biblioteca de origen | Biblioteca actual | Ubicación en estantería | Fecha de adquisición | Total de préstamos | Signatura topográfica completa | Código de barras | Visto por última vez | Precio de reemplazo | Tipo de ítem Koha |
|---|---|---|---|---|---|---|---|---|---|---|---|---|---|---|
| Clasificación Decimal Dewey | Biblioteca LadoV | Biblioteca LadoV | 21/11/2014 | 708 I593s | 000912 | 21/11/2014 | 21/11/2014 | Material 01 |
